| 000 | 00467nam a2200181 a 4500 | ||
|---|---|---|---|
| 001 | 25356 | ||
| 003 | CO-ViMGA | ||
| 008 | 141112s2004 ck r 000 u spa d | ||
| 020 | _a847033301 | ||
| 040 |
_aCO-ViMGA _bspa _cCO-ViMGA |
||
| 082 | 0 | 4 | _a636.1 M174a |
| 100 | 1 |
_aRosset, Martin W. _938656 |
|
| 245 | 1 | 0 |
_aAlimentación de los Caballos / _cMartin W. Rosset |
| 260 |
_aColombia : _bAedos |
||
| 300 | _a229 p. 22 cm | ||
| 650 | 1 | 4 | _aAlimentación |
| 942 |
_2ddc _cBK |
||
| 999 |
_c32963 _d32963 |
||